The Weight of the Nation: Choices (Record no. 335131)
[ view plain ]
| 000 -LEADER | |
|---|---|
| fixed length control field | 00503nam a2200097Ia 4500 |
| 008 - FIXED-LENGTH DATA ELEMENTS--GENERAL INFORMATION | |
| fixed length control field | 170517s9999 xx 000 0 und d |
| 245 #4 - TITLE STATEMENT | |
| Title | The Weight of the Nation: Choices |
| 300 ## - PHYSICAL DESCRIPTION | |
| Extent | The second film in the series poses a question that almost anyone who's struggled with excess weight has asked, if only in jest: For all the remarkable high-tech tools available to medicine, for all the billions of dollars in... |
| 650 ## - SUBJECT ADDED ENTRY--TOPICAL TERM | |
| General subdivision | Technology. |
| 856 ## - ELECTRONIC LOCATION AND ACCESS | |
| Uniform Resource Identifier | <a href="http://topdocumentaryfilms.com/weight-nation-choices/">http://topdocumentaryfilms.com/weight-nation-choices/</a> |
| Withdrawn status | Lost status | Damaged status | Home library | Current library | Date acquired | Total Checkouts | Date last seen | Price effective from | Koha item type |
|---|---|---|---|---|---|---|---|---|---|
| College Library | College Library | 05/17/2017 | 05/17/2017 | 05/17/2017 | Documentary Films |